Laporan kajian pengesanan graduan 2016

Bibliographic Details
Format: Book
Language:Malay
Published: Putrajaya, Malaysia : Kementerian Pendidikan Tinggi c2017
Subjects:

MARC

LEADER 00000cam a2200000 7i4500
001 0000094607
005 20200616093000.0
008 180712s2017 my may
020 |a 9772600779006 
040 |a UniSZA   |e rda 
050 0 0 |a LB2430.M4   |b L37 2017 
090 0 0 |a LB2430.M4   |b L37 2017 
245 0 0 |a Laporan kajian pengesanan graduan 2016   |c Kementerian Pendidikan Tinggi 
264 1 |a Putrajaya, Malaysia :   |b Kementerian Pendidikan Tinggi   |c c2017 
300 |a xxii, 437 pages ;   |c 26 cm. 
336 |a text  |2 rdacontent 
337 |a unmediated  |2 rdamedia 
338 |a volume  |2 rdacarrier 
650 0 |a College graduates   |v Employment   |z Malaysia   |x Statistics 
650 0 |a College graduates   |z Malaysia   |x Statistics 
999 |a 1000173922   |b Book   |c Close Access   |e Gong Badak Campus